000 00794nam a2200229Ia 4500
003 GCL
008 140319s9999 xx 000 0 ara d
040 _aGCL /
_cGCL
082 0 4 _a910.1732
_bم ج
100 1 _aيسرى الجوهرى
245 1 0 _aجغرافية الحضر: دراسة فى تطور الحضر ومناهج البحث فية /
_cيسرى الجوهرى
700 1 _aمحمد السيد غلاب
260 _a[S.N] :
_bمنشاة المعارف الاسلامية ،
_c1991
300 _a535 ص
490 _aالكتب الجغرافية
_v0
650 0 4 _aالسكان
650 0 4 _aالبيئة والانسان
650 0 4 _aالانثربولوجيا
650 0 4 _aالجغرافيا البشرية
650 0 4 _aجغرافية الحضر
942 _2ddc
_cBK
999 _c32063
_d32063